=LDR 00000nam 2200000 4500 =001 INLIS000000000034880 =005 20130612140755 =008 ***********************************ind** =035 ##$$0010-061300000034880 =041 ##$$a ind =082 ##$$a 028.530 1 =090 ##$$a 028.530 1, Bum b =245 ##$$a Bumi, Penerjemah,Viktor H Damanik;Editor,Agus salim =260 ##$$a 2008 $b Bandung =300 ##$$a 64 hlm, ilus, 25 cm =650 ##$$a Bacaan Anak dan Remaja =700 ##$$a Damanik, Viktor h =850 ##$$a NBPNMAT